000 00863nam a2200253Ia 4500
003 OSt
005 20220916110921.0
006 a|||||r|||| 00| 0
007 ta
008 220915b |||||||| |||| 00| 0 san d
024 _a268683
037 _cTextbook
040 _bsan
_aARTS
_cARTS
041 _asan
082 _aO15v, 152K2(EPS)
100 _aउपाध्याय, बलदेव
245 0 _aसंस्कृत साहित्य का इतिहास
246 _aSanskṛut sāhitya kā itihāsa
260 _aवाराणसी
_bसाहित्य प्रकाशन भारत
_c1962
300 _a421पण्
_ccm.
650 _aहिन्दी साहित्य
942 _hO15v, 152K2(EPS)
_cTB
_2CC
999 _c101337
_d101337